000
00320nam a22001457a 4500
008
210511b ||||| |||| 00| 0 eng d
020
_a
9780078463327
041
_a
eng
080
_a
612.39
082
_a
612.39
100
_a
10
101
_a
NUT
245
_a
Nutrition Wellness
_c
Roberta L. Duyff
942
_2
udc
_c
BK
999
_c
57253
_d
57253